| 000 | 00571nam a2200193Ia 4500 | ||
|---|---|---|---|
| 003 | GCL | ||
| 008 | 140319s9999 xx 000 0 ara d | ||
| 040 |
_aGCL / _cGCL |
||
| 082 | 0 | 4 |
_a822 _bا م |
| 100 | 1 | _aلويس عوض | |
| 245 | 1 | 0 |
_aمأساة اوريست: الصافحات / _cلويس عوض |
| 700 | 1 | _aاسخيلوس | |
| 300 | _a136 ص | ||
| 490 |
_a100 قصة _v0 |
||
| 650 | 0 | 4 | _aالادب اليونانى |
| 650 | 0 | 4 | _aالادب اليونانى المترجم |
| 650 | 0 | 4 | _aالمسرحيات اليونانية المترجمة |
| 942 |
_2ddc _cBK |
||
| 999 |
_c46043 _d46043 |
||